| 000 | 00989nam a2200229Ii 4500 | ||
|---|---|---|---|
| 003 | JO-AjNU | ||
| 008 | 230605s9999||||xx |||||||||||||| ||und|| | ||
| 017 | _a5062/9/2019 | ||
| 020 | _a978-9957-23-504-8 | ||
| 040 |
_aJO-AjNU _bara _erda _cJO-AjNU |
||
| 041 | _aara | ||
| 050 | 1 | 4 | _aDS70.7.2020 |
| 100 | 3 |
_aعبدالله، مثنى واخرون، م.مشارك هشام البدراني، م.مشارك جاسم الشمري، م.مشارك احمد قاسم كسار , _eauthor _964104 |
|
| 245 | 0 | 0 | _aالواقع الثقافي في العراق بعد الاحتلال |
| 250 | _aط1 | ||
| 264 | 3 | 1 | _aبغداد: مؤسسة البصائر للدراسات والنشر، 2020 |
| 300 | _a128ص | ||
| 336 |
_atext _btxt _2rdacontent |
||
| 337 |
_aunmediated _bn _2rdamedia |
||
| 338 |
_avolume _bnc _2rdacarrier |
||
| 650 | 4 |
_aالتغير الثقافي-الأزمات الثقافية-التدخل السياسي-الاحتلال الامريكي-ايران-العراق _964105 |
|
| 999 |
_aA29113 _c32681 _d32681 |
||